| 000 | 00556cam a2200193 a 4500 | ||
|---|---|---|---|
| 003 | OSt | ||
| 005 | 20260325155619.0 | ||
| 008 | 920701s1993 nyu b 001 0 eng | ||
| 020 | _a8170303796 | ||
| 040 |
_cHDL _beng |
||
| 082 | 0 | 0 |
_a294.5 N3 _220 |
| 245 | 0 | 0 |
_aPurāṇa perennis : _breciprocity and transformation in Hindu and Jaina texts / _cedited by Wendy Doniger. |
| 260 |
_aDelhi; _bSri Saturu Publications, _c1993. |
||
| 300 | _axii, 331 p. | ||
| 600 | _2History | ||
| 700 | 1 | _aDoniger, Wendy. | |
| 942 |
_cTEXL _2CC _n0 |
||
| 999 |
_c1843548 _d1843548 |
||